| 000 | 00651nam a22001937a 4500 | ||
|---|---|---|---|
| 005 | 20251108172744.0 | ||
| 008 | 250721s2002 xx 000 0 ara d | ||
| 082 | 1 | 4 | _a371.9/خطي |
| 100 | 1 |
_aالخطيب، أحمد حامد _eمؤلف |
|
| 245 | 1 | 0 | _aالقياس و التشخيص في التربية الخاصة / |
| 264 | 1 |
_aعمان : _bدار صفاء للنشر والتوزيع، _c2002. |
|
| 300 | _a120ص. | ||
| 650 | 1 | 7 | _aالتربية الخاصة |
| 650 | 1 | 7 | _aبطء التعلم |
| 650 | 1 | 7 | _aأساليب التدريس |
| 700 | 1 |
_aالطراونة، حسين مد الله _eمؤلف |
|
| 942 |
_2ddc _cBK |
||
| 999 |
_c87676 _d87676 |
||